000 01089nam a22003137a 4500
001 BR9903916
003 BR-BrBNA
005 20230928100519.0
007 ta
008 230509b bl.||||| |||| 00| 0 por d
040 _aBR-BrBNA
_bpor
_cBiblioteca Nacional de Agricultura
041 _a(Por)
072 _aL73
_b6100
_b4110
090 _ 6100 BR9903916
100 1 _aSchuch, D.M.T.
110 1 _aUniversidade Federal do Rio Grande do Sul, Porto Alegre (Brasil). Faculdade de Veterinaria
_0Tese (Mestre em Ciencias Veterinarias)
_911169
245 1 _aPesquisa de Escherichia coli O157:H7 em cecos e carcacas de frangos de corte produzidos no Rio Grande do Sul, utilizando o sistema de separacao imunomagnetica
260 3 _aPorto Alegre, RS (Brasil):
_c1997.
300 _a170 p.
500 _aBibliography p. 151-169; 10 tables; Summaries (Eng, Por)
650 _aFrango de Corte
650 _aBacteria Patogenica
650 _aImunizacao
650 _aAbate
650 _aCarcaca
650 _aRio Grande do Sul
909 _a202309
_bLucia
_c55
_dLucia Elande
942 _cBK
999 _c61626
_d61626